|
|
|
|
| LEADER |
00000cam a22000004a 4500 |
| 001 |
musev2_82063 |
| 003 |
MdBmJHUP |
| 005 |
20230905052423.0 |
| 006 |
m o d |
| 007 |
cr||||||||nn|n |
| 008 |
150624s2015 wau o 00 0 eng d |
| 010 |
|
|
|z 2015011459
|
| 020 |
|
|
|a 9781636820132
|
| 020 |
|
|
|z 9780874223316
|
| 020 |
|
|
|z 0874223318
|
| 020 |
|
|
|z 1636820131
|
| 035 |
|
|
|a (OCoLC)1273306885
|
| 040 |
|
|
|a MdBmJHUP
|c MdBmJHUP
|
| 100 |
1 |
|
|a Wilson, William H.
|q (William Henry),
|d 1935-
|
| 245 |
1 |
0 |
|a Developing the Pacific Northwest :
|b The Life and Work of Asahel Curtis /
|c William H. Wilson.
|
| 264 |
|
1 |
|a Pullman, Washington :
|b Washington State University Press,
|c [2015]
|
| 264 |
|
3 |
|a Baltimore, Md. :
|b Project MUSE,
|c 2021
|
| 264 |
|
4 |
|c ©[2015]
|
| 300 |
|
|
|a 1 online resource (376 pages).
|
| 336 |
|
|
|a text
|b txt
|2 rdacontent
|
| 337 |
|
|
|a computer
|b c
|2 rdamedia
|
| 338 |
|
|
|a online resource
|b cr
|2 rdacarrier
|
| 505 |
0 |
|
|a Introduction : The contradictions of Asahel Curtis -- Growing up, joining the gold rush, and returning -- Photographing the Pacific Northwest -- The Good Roads Movement : growing the Washington State Good Roads Association -- The Good Roads Movement : battling Roland Hartley -- The Good Roads Movement : nationalizing the highways -- Mount Rainier : climbing the mountain, founding and leaving the mountaineers -- Mount Rainier : founding and leading the Rainier Park Advisory Board -- Mount Rainier : developing the park, dissolving the Rainier National Park Advisory Board -- The Olympics : climbing the mountains, photographing the peninsula -- The Olympics : battling against the Olympic National Park -- Reclaiming the land, operating the "ranch" -- Working and living : the later years.
|
| 588 |
|
|
|a Description based on print version record.
|
| 600 |
1 |
7 |
|a Curtis, Asahel
|d 1874-1941
|2 gnd
|
| 600 |
1 |
7 |
|a Curtis, Asahel,
|d 1874-1941.
|2 fast
|0 (OCoLC)fst00114576
|
| 600 |
1 |
0 |
|a Curtis, Asahel,
|d 1874-1941.
|
| 650 |
|
7 |
|a Ranchers
|y Washington (State)
|v Biography.
|2 cct
|
| 650 |
|
7 |
|a Roads
|x Environmental aspects
|y Washington (State)
|2 cct
|
| 650 |
|
7 |
|a Conservationists
|y Washington (State)
|v Biography.
|2 cct
|
| 650 |
|
7 |
|a Mountaineers
|y Northwest, Pacific
|v Biography.
|2 cct
|
| 650 |
|
7 |
|a Photographers
|y Northwest, Pacific
|v Biography.
|2 cct
|
| 650 |
|
7 |
|a Roads
|x Environmental aspects.
|2 fast
|0 (OCoLC)fst01098612
|
| 650 |
|
7 |
|a Ranchers.
|2 fast
|0 (OCoLC)fst01089749
|
| 650 |
|
7 |
|a Photographers.
|2 fast
|0 (OCoLC)fst01061605
|
| 650 |
|
7 |
|a Mountaineers.
|2 fast
|0 (OCoLC)fst01028364
|
| 650 |
|
7 |
|a Ecology.
|2 fast
|0 (OCoLC)fst00901476
|
| 650 |
|
7 |
|a Conservationists.
|2 fast
|0 (OCoLC)fst00875578
|
| 650 |
|
7 |
|a Civic leaders.
|2 fast
|0 (OCoLC)fst00862334
|
| 650 |
|
0 |
|a Ranchers
|z Washington (State)
|z Yakima River Valley
|v Biography.
|
| 650 |
|
0 |
|a Civic leaders
|z Washington (State)
|v Biography.
|
| 650 |
|
0 |
|a Roads
|x Environmental aspects
|z Washington (State)
|x History.
|
| 650 |
|
0 |
|a Conservationists
|z Washington (State)
|v Biography.
|
| 650 |
|
0 |
|a Mountaineers
|z Northwest, Pacific
|v Biography.
|
| 650 |
|
0 |
|a Photographers
|z Northwest, Pacific
|v Biography.
|
| 651 |
|
7 |
|a Civic leaders
|y Washington (State)
|2 cct
|
| 651 |
|
7 |
|a Washington (State)
|x Environmental conditions.
|2 cct
|
| 651 |
|
7 |
|a Olympic National Park (Wash.)
|x History.
|2 cct
|
| 651 |
|
7 |
|a Mount Rainier National Park (Wash.)
|x History.
|2 cct
|
| 651 |
|
7 |
|a Washington (State)
|z Yakima River Valley.
|2 fast
|0 (OCoLC)fst01275743
|
| 651 |
|
7 |
|a Washington (State)
|z Olympic National Park.
|2 fast
|0 (OCoLC)fst01260191
|
| 651 |
|
7 |
|a Washington (State)
|z Mount Rainier National Park.
|2 fast
|0 (OCoLC)fst01308987
|
| 651 |
|
7 |
|a Washington (State)
|2 fast
|0 (OCoLC)fst01204703
|
| 651 |
|
7 |
|a Pacific Northwest.
|2 fast
|0 (OCoLC)fst01242543
|
| 651 |
|
0 |
|a Washington (State)
|x Environmental conditions
|x History.
|
| 651 |
|
0 |
|a Olympic National Park (Wash.)
|x History.
|
| 651 |
|
0 |
|a Mount Rainier National Park (Wash.)
|x History.
|
| 655 |
|
7 |
|a Biographies.
|2 lcgft
|
| 655 |
|
7 |
|a History.
|2 fast
|0 (OCoLC)fst01411628
|
| 655 |
|
7 |
|a Biographies.
|2 fast
|0 (OCoLC)fst01919896
|
| 655 |
|
7 |
|a Electronic books.
|2 local
|
| 710 |
2 |
|
|a Project Muse.
|e distributor
|
| 830 |
|
0 |
|a Book collections on Project MUSE.
|
| 856 |
4 |
0 |
|z Texto completo
|u https://projectmuse.uam.elogim.com/book/82063/
|
| 945 |
|
|
|a Project MUSE - Custom Collection
|